00687nam a2200181 a 450000100100000000500170001000800410002704000250006808200150009310000320010824500470014025000320018726000370021930000400025650000790029695201130037599900170048800004502320201002045819.0150129s2007 dr a 000 0 spa d aDO-SdBNPbspacBNPHU axxxxbxxxx1 aGarcía, Ana Esther97302810a¡A jugar ajedrez! /cAna Esther García. a3a ed. ampliada y corregida aSanto Domingo :b[s. n.],c2007. aix, 110 p. :bil., retrs. ;c27 cm. aIncluye datos biográficos de la autora en la solapa de la contracubierta 0010718PDaPDbPDcCTd2015-01-29iLF1l0oxxxx xxxxp45023-10r2020-06-25w2020-06-25yLFPDZNo se presta c44512d44512